Business Statistics / (Record no. 13693)
[ view plain ]
| 000 -LEADER | |
|---|---|
| fixed length control field | 01015cam a2200277 a 4500 |
| 001 - CONTROL NUMBER | |
| control field | 14879218 |
| 005 - DATE AND TIME OF LATEST TRANSACTION | |
| control field | 20160509141032.0 |
| 008 - FIXED-LENGTH DATA ELEMENTS--GENERAL INFORMATION | |
| fixed length control field | 070605s2010 maua |rb 001 0 eng |
| 010 ## - LIBRARY OF CONGRESS CONTROL NUMBER | |
| LC control number | 2007060101 |
| 020 ## - INTERNATIONAL STANDARD BOOK NUMBER | |
| International Standard Book Number | 0321426592 |
| 020 ## - INTERNATIONAL STANDARD BOOK NUMBER | |
| International Standard Book Number | 9780321426598 |
| 035 ## - SYSTEM CONTROL NUMBER | |
| System control number | (OCoLC)ocn141484996 |
| 040 ## - CATALOGING SOURCE | |
| Original cataloging agency | DLC |
| Transcribing agency | DLC |
| Modifying agency | BTCTA |
| -- | C#P |
| -- | YDXCP |
| -- | DLC |
| 050 00 - LIBRARY OF CONGRESS CALL NUMBER | |
| Classification number | HF1017 |
| Item number | .S467 2010 |
| 082 00 - DEWEY DECIMAL CLASSIFICATION NUMBER | |
| Classification number | 650.015195 |
| Edition number | 22 |
| Item number | SHA |
| 100 1# - MAIN ENTRY--PERSONAL NAME | |
| Personal name | Sharpe, Norean Radke. |
| 9 (RLIN) | 12739 |
| 245 10 - TITLE STATEMENT | |
| Title | Business Statistics / |
| Statement of responsibility, etc | Norean R. Sharpe, Richard D. DeVeaux, Paul F. Velleman. |
| 260 ## - PUBLICATION, DISTRIBUTION, ETC. (IMPRINT) | |
| Place of publication, distribution, etc | Boston : |
| Name of publisher, distributor, etc | Addison Wesley, 2010 |
| Date of publication, distribution, etc | c2010. |
| 300 ## - PHYSICAL DESCRIPTION | |
| Extent | 1 v.: |
| Other physical details | ill (chiefly col.) ; |
| Dimensions | 29 cm. + |
| Accompanying material | 1 CD-ROM (4 3/4 in.) |
| 504 ## - BIBLIOGRAPHY, ETC. NOTE | |
| Bibliography, etc | Includes bibliographical references and index. |
| 650 #0 - SUBJECT ADDED ENTRY--TOPICAL TERM | |
| Topical term or geographic name as entry element | Commercial statistics. |
| 9 (RLIN) | 12740 |
| 700 1# - ADDED ENTRY--PERSONAL NAME | |
| Personal name | Velleman, Paul F., |
| Dates associated with a name | 1949- |
| 9 (RLIN) | 12742 |
| 700 1# - ADDED ENTRY--PERSONAL NAME | |
| 9 (RLIN) | 12741 |
| Personal name | De Veaux, Richard D. |
| 942 ## - ADDED ENTRY ELEMENTS (KOHA) | |
| Source of classification or shelving scheme | Dewey Decimal Classification |
| Item type | Book - Borrowing |
| Withdrawn status | Item status | Source of classification or shelving scheme | Damaged status | Not for loan | Vendor | Home library | Current library | Shelving location | Date acquired | Source of acquisition | Cost, normal purchase price | Serial Enumeration / chronology | Total Checkouts | Total Renewals | Full call number | Barcode | Date last seen | Date last borrowed | Koha item type |
|---|---|---|---|---|---|---|---|---|---|---|---|---|---|---|---|---|---|---|---|
| Dewey Decimal Classification | Alahram | Central Library | Central Library | First floor | 15/03/2010 | 199.00 | 584 | 1 | 10 | 650.015195 SHA | 000020222 | 15/07/2025 | 17/03/2014 | Book - Borrowing | |||||
| Dewey Decimal Classification | Alahram | Central Library | Central Library | First floor | 15/03/2010 | 650.015195 SHA | 000020221 | 24/08/2022 | CD | DVD - With book |